Test Your Numerical Aptitude (Record no. 94060)
[ view plain ]
| 000 -LEADER | |
|---|---|
| fixed length control field | 00592nam a2200217Ia 4500 |
| 005 - DATE AND TIME OF LATEST TRANSACTION | |
| control field | 20230202133149.0 |
| 008 - FIXED-LENGTH DATA ELEMENTS--GENERAL INFORMATION | |
| fixed length control field | 230125s9999 xx 000 0 und d |
| 020 ## - INTERNATIONAL STANDARD BOOK NUMBER | |
| International Standard Book Number | 978-81-309-3415-0 |
| 041 ## - LANGUAGE CODE | |
| Language code of text/sound track or separate title | eng |
| 082 ## - DEWEY DECIMAL CLASSIFICATION NUMBER | |
| Classification number | 153.94 |
| Item number | BAR |
| 100 ## - MAIN ENTRY--PERSONAL NAME | |
| Author | Barrett J |
| 245 ## - TITLE STATEMENT | |
| Title | Test Your Numerical Aptitude |
| Remainder of title | How To Assess Your Numeracy Skills And Plan Your Career |
| 260 ## - PUBLICATION, DISTRIBUTION, ETC. | |
| Date of publication, distribution, etc. | 2016 |
| Name of publisher, distributor, etc. | Source Books |
| Place of publication, distribution, etc. | New Delhi |
| 300 ## - PHYSICAL DESCRIPTION | |
| Extent | 173p |
| 500 ## - GENERAL NOTE | |
| Keywords | Aptitude Tests |
| 650 ## - SUBJECT ADDED ENTRY--TOPICAL TERM | |
| Topical term or geographic name entry element | Aptitude Tests |
| 700 ## - ADDED ENTRY--PERSONAL NAME | |
| Personal name | Barrett J |
| 942 ## - ADDED ENTRY ELEMENTS (KOHA) | |
| Koha item type | Books |
| 906 ## - LOCAL DATA ELEMENT F, LDF (RLIN) | |
| b | 48.75 |
| Withdrawn status | Lost status | Damaged status | Not for loan | Home library | Current library | Date acquired | Vendor | Net Price | Bill number | Total Checkouts | Full call number | Barcode | Date last seen | Actual Price | Bill Date | Koha item type | Original Barcode |
|---|---|---|---|---|---|---|---|---|---|---|---|---|---|---|---|---|---|
| Smt. Hiraben Nanavati Institute of Management & Research for Women | Smt. Hiraben Nanavati Institute of Management & Research for Women | 04/03/2016 | Pritam Book Centre | 195.00 | 9834 | 153.94 BAR B14135 | HIMR-BK-14135 | 25/01/2023 | 146.25 | 04/03/2016 | Books | B14135 |